000 00486nam a2200181 i 4500
001 2-00278632
003 PPAK
005 20180728113120.0
008 070401s my |||| ||||| | may d
022 _a0128-181X
040 _aPPAK
_beng
_cPPAK
_erda
245 0 0 _aUmmi (Jan-Dis 1996)
_bsumber ilmu seisi keluarga
264 1 _aShah Alam:
_bUmmah Media Sdn. bhd.,
336 _2rdacontent
_atext
337 _2rdamedia
_aunmediated
338 _2rdacarrier
_avolume
942 _ddc
_cSR
999 _c168526
_d168526